| 000 | 00464nam a2200181Ia 4500 | ||
|---|---|---|---|
| 005 | 20250423100235.0 | ||
| 008 | 250422s9999 xx 000 0 und d | ||
| 020 | _a9782784168 | ||
| 050 | _aHB 174 .A59/ | ||
| 100 | _aAnyanwu, J.C. | ||
| 245 | 0 | _aModern macroeconomics: theory and application in Nigeria | |
| 260 | _aOnisha | ||
| 260 | _bJoanee Educational Publishers Ltd. | ||
| 260 | _c1985 | ||
| 300 | _a424 p | ||
| 650 | _aMico-economics | ||
| 942 | _cBK | ||
| 999 |
_c32707 _d32707 |
||